| 000 | 00403cam a22001097a 4500 | ||
|---|---|---|---|
| 008 | 180718b1947 xxu||||| |||| 00| 0 eng d | ||
| 082 | _aP43x41 Un3 | ||
| 245 |
_aSecondary education: report of the advisory council on education in scotland _cby Scottish Education Department |
||
| 260 |
_aEdinburgh _bHer Majesty's Stationery Office _c1947 |
||
| 300 | _a197p | ||
| 700 | _aFrance. Scottish Education Department | ||
| 999 |
_c494647 _d494647 |
||